| 000 | 01492nam a22002537a 4500 | ||
|---|---|---|---|
| 003 | OSt | ||
| 005 | 20260513104415.0 | ||
| 008 | 260121t20242024-uka|||fr|||| 001 0 eng d | ||
| 020 |
_a9781473791244 _cRM231.40 |
||
| 040 |
_cMIU_Nadiah _dMIU_ain _dMILA_ain |
||
| 050 |
_aHF5657.4 _b.D78 2024 |
||
| 100 |
_9380 _aDrury, Colin |
||
| 245 |
_aManagement and cost accounting / _cDrury Colin. |
||
| 250 | _a12th ed. | ||
| 260 |
_aAndover: _bCengage Learning, _c2024. |
||
| 300 |
_axvii, 876 p.: _bcol. ill. ; _c26cm. |
||
| 500 | _aIncludes bibliographical references (p. 699-706) | ||
| 520 | _aFor thirty-five years, Colin Drury’s Management and Cost Accounting has successfully helped learners master the key concepts and processes of management and cost accounting. Now in its eleventh edition, the book retains its trademark clear and accessible style, covering everything students need to know for their accounting career and exams. Every chapter has been updated to include an “Employability Skills” question, new review problems from accounting examination bodies and recent examples of well-known international organizations such as ACCA, CIMA and ATT. The new edition also includes introductions to emerging new technologies such as big data, the Internet of Things and AI. | ||
| 650 | _aManagerial accounting. | ||
| 650 | _aCost accounting. | ||
| 650 |
_aManagerial accounting _vProblems, exercises, etc. |
||
| 650 |
_aCost accounting _vProblems, exercises, etc. |
||
| 942 |
_2lcc _cBK |
||
| 999 |
_c2662 _d2662 |
||